[Event "Hull 4NCL International"]
[Site "Hull"]
[Date "2021.10.24"]
[Round "5.1"]
[White "Catto, Joseph"]
[Black "Salisbury, Paul"]
[Result "1-0"]
[WhiteElo "1690"]
[BlackElo "1681"]
[PlyCount "97"]
[EventDate "2021.10.22"]

1. c4 Nf6 2. Nc3 e5 3. Nf3 Nc6 4. d3 Bb4 5. e4 d6 6. a3 Bxc3+ 7. bxc3 Ne7 8. c5
h6 9. cxd6 cxd6 10. c4 Ng6 11. a4 O-O 12. g3 Qc7 13. Bg2 a6 14. O-O Bd7 15. Bd2
b5 16. cxb5 axb5 17. a5 Ra6 18. Qb3 Rfa8 19. Rfc1 Qd8 20. Ne1 Bc6 21. Nc2 Be8
22. Ne3 Ne7 23. Bh3 Nc6 24. Rxc6 Bxc6 25. Nf5 Bd7 26. g4 Bxf5 27. exf5 Qd7 28.
g5 hxg5 29. Bg2 Rf8 30. Bxg5 Nh7 31. Be3 Nf6 32. Bg5 Rb8 33. Bxf6 gxf6 34. Kh1
Qc7 35. Qb4 Qc5 36. Qg4+ Kf8 37. Qh4 Ke7 38. Qh6 Qc3 39. Rc1 Qxa5 40. Bd5 Rf8
41. Qg7 Ra7 42. Rc8 Ra8 43. Rxa8 Rxa8 44. Qxf7+ Kd8 45. Qf8+ Kc7 46. Qe7+ Kb6
47. Qxd6+ Ka7 48. Qd7+ Kb6 49. Qc6+ 1-0

[Event "Hull 4NCL International"]
[Site "Hull"]
[Date "2021.10.24"]
[Round "5.2"]
[White "Zigmond, Andrew"]
[Black "Greenaway, Terence V"]
[Result "1-0"]
[WhiteElo "1675"]
[BlackElo "1653"]
[PlyCount "55"]
[EventDate "2021.10.22"]

1. e4 d6 2. d4 Nf6 3. Nc3 g6 4. f3 Bg7 5. Be3 c6 6. Bc4 O-O 7. Nge2 b5 8. Bb3
a5 9. a3 Qc7 10. Qd2 Ba6 11. Bh6 e5 12. Bxg7 Kxg7 13. h4 Ra7 14. h5 Qd8 15.
hxg6 fxg6 16. Qh6+ Kh8 17. g4 Ng8 18. Qxg6 Rg7 19. Qh5 Rxf3 20. g5 Rf8 21. Bxg8
Rfxg8 22. g6 Qe7 23. Ng3 Rxg6 24. Nf5 Qc7 25. O-O-O Bc8 26. Qxh7+ Qxh7 27.
Rxh7+ Kxh7 28. Rh1+ 1-0

[Event "Hull 4NCL International"]
[Site "Hull"]
[Date "2021.10.24"]
[Round "5.3"]
[White "Whittington, Reece W"]
[Black "Patterson, Dave"]
[Result "0-1"]
[WhiteElo "1628"]
[BlackElo "1692"]
[PlyCount "62"]
[EventDate "2021.10.22"]

1. d4 Nf6 2. c4 c5 3. d5 b5 4. cxb5 a6 5. bxa6 Bxa6 6. Nc3 d6 7. g3 g6 8. Bg2
Bg7 9. Nf3 Nbd7 10. O-O O-O 11. Re1 Nb6 12. e4 Ng4 13. h3 Ne5 14. Nxe5 Bxe5 15.
Bh6 Re8 16. h4 Nc4 17. Qc2 Qa5 18. Bf1 Na3 19. Qc1 Reb8 20. Bd2 Nc4 21. Bxc4
Bxc4 22. b3 Ba6 23. Na4 Qd8 24. Bc3 Bxc3 25. Nxc3 Rb4 26. h5 c4 27. hxg6 hxg6
28. Kg2 Qf8 29. Rh1 cxb3 30. Rh6 b2 31. Qh1 Qxh6 0-1

[Event "Hull 4NCL International"]
[Site "Hull"]
[Date "2021.10.24"]
[Round "5.4"]
[White "Bettley, Mark S"]
[Black "Carroll, Michael"]
[Result "0-1"]
[WhiteElo "1608"]
[BlackElo "1668"]
[PlyCount "52"]
[EventDate "2021.10.22"]

1. e4 d5 2. exd5 Nf6 3. d4 Bg4 4. Nf3 Qxd5 5. Be2 Nc6 6. c3 O-O-O 7. Bf4 Qe4 8.
Be3 e5 9. Nbd2 Qf5 10. dxe5 Nxe5 11. Nxe5 Bxe2 12. Qxe2 Qxe5 13. O-O h6 14. Nf3
Qh5 15. Rad1 Bd6 16. Rfe1 Rhe8 17. Qc4 Ng4 18. Bf4 Bc5 19. Bg3 b5 20. Rxd8+
Rxd8 21. Qe4 Kb8 22. Qc6 Bb6 23. h3 Nf6 24. Re5 g5 25. Rxb5 Rd1+ 26. Kh2 Ng4#
0-1

[Event "Hull 4NCL International"]
[Site "Hull"]
[Date "2021.10.24"]
[Round "5.6"]
[White "Hara, R Malcolm"]
[Black "Oliver, Bruce R"]
[Result "1/2-1/2"]
[WhiteElo "1608"]
[BlackElo "1690"]
[PlyCount "84"]
[EventDate "2021.10.22"]

1. d4 Nf6 2. Nf3 e6 3. c4 b6 4. g3 Ba6 5. b3 Bb7 6. Bg2 Bb4+ 7. Bd2 Bxd2+ 8.
Nbxd2 c5 9. e3 cxd4 10. exd4 d5 11. Ne5 O-O 12. O-O Nc6 13. Nxc6 Bxc6 14. Rc1
Rc8 15. c5 Bb5 16. Re1 bxc5 17. dxc5 a5 18. Nf3 Qe7 19. Qd4 Nd7 20. Qxd5 Nxc5
21. Qd2 Nd3 22. Rxc8 Rxc8 23. Rd1 Qc5 24. Bf1 Rd8 25. Ne1 Qd5 26. Bg2 Qf5 27.
Nxd3 Rxd3 28. Qe1 Rxd1 29. Qxd1 Qd3 30. Qxd3 Bxd3 31. Bf1 Bb1 32. a3 Ba2 33. b4
axb4 34. axb4 Kf8 35. Bd3 h6 36. Kf1 Ke7 37. Ke2 Kd6 38. Kd2 e5 39. Kc3 f6 40.
Bc4 Bb1 41. Bd3 Ba2 42. Bc4 Bb1 1/2-1/2

[Event "Hull 4NCL International"]
[Site "Hull"]
[Date "2021.10.24"]
[Round "5.7"]
[White "Fisher, Neal"]
[Black "Slegg, Gary"]
[Result "1-0"]
[WhiteElo "1684"]
[BlackElo "1592"]
[PlyCount "49"]
[EventDate "2021.10.22"]

1. d4 Nf6 2. Bf4 e6 3. Nf3 b6 4. e3 Bb7 5. Nbd2 c5 6. c3 cxd4 7. exd4 d5 8. Ne5
Nc6 9. Bb5 Rc8 10. Qa4 a6 11. Bxc6+ Bxc6 12. Nxc6 Qd7 13. Qxa6 Qxc6 14. Nf3 b5
15. Qxc6+ Rxc6 16. Ne5 Rc8 17. a4 bxa4 18. Rxa4 Be7 19. Ra7 Ne4 20. O-O Nd6 21.
Rfa1 Nf5 22. g4 f6 23. gxf5 fxe5 24. Bxe5 exf5 25. Re1 1-0

[Event "Hull 4NCL International"]
[Site "Hull"]
[Date "2021.10.24"]
[Round "5.8"]
[White "Graham, Donald M"]
[Black "Duffell, Andrew"]
[Result "1/2-1/2"]
[WhiteElo "1668"]
[BlackElo "1623"]
[PlyCount "50"]
[EventDate "2021.10.22"]

1. b3 d5 2. Bb2 Nf6 3. e3 c5 4. Nf3 Nc6 5. Bb5 Bd7 6. Bxc6 Bxc6 7. O-O e6 8.
Ne5 Qc7 9. d3 Bd6 10. f4 h5 11. Nd2 O-O-O 12. Ndf3 Ng4 13. Nxc6 bxc6 14. Qe2 d4
15. exd4 Bxf4 16. g3 Be3+ 17. Kh1 cxd4 18. c3 e5 19. Bc1 c5 20. cxd4 exd4 21.
Bxe3 Nxe3 22. Rfc1 Rhe8 23. b4 Kb8 24. Rxc5 Qb7 25. a3 Ng4 1/2-1/2

[Event "Hull 4NCL International"]
[Site "Hull"]
[Date "2021.10.24"]
[Round "5.9"]
[White "Weller, Colin"]
[Black "Burgoyne, Peter A"]
[Result "0-1"]
[WhiteElo "1610"]
[BlackElo "1653"]
[PlyCount "60"]
[EventDate "2021.10.22"]

1. e4 c5 2. Nf3 d6 3. d3 Nc6 4. Be2 g6 5. Nbd2 Bg7 6. a3 e5 7. h3 Nge7 8. c3
O-O 9. Nf1 f5 10. Qb3+ Kh8 11. Bg5 Qe8 12. Bxe7 Qxe7 13. Ne3 Be6 14. Nd5 Bxd5
15. exd5 Nd8 16. c4 e4 17. dxe4 fxe4 18. Nh2 Qf6 19. O-O Qxb2 20. Qxb2 Bxb2 21.
Ra2 Bd4 22. a4 Nf7 23. Ng4 Ne5 24. Nxe5 Bxe5 25. Ra3 Bd4 26. Rb3 Rf7 27. Bg4
Raf8 28. Be6 Rxf2 29. Rxf2 Rxf2 30. Kh1 e3 0-1

[Event "Hull 4NCL International"]
[Site "Hull"]
[Date "2021.10.24"]
[Round "5.11"]
[White "Vdovycia, Titas"]
[Black "Dunn, Giles"]
[Result "1-0"]
[WhiteElo "1479"]
[BlackElo "1698"]
[PlyCount "75"]
[EventDate "2021.10.22"]

1. e4 e6 2. d4 d5 3. Nd2 Nf6 4. Bd3 c5 5. e5 Nfd7 6. c3 Nc6 7. Ne2 Qb6 8. Nf3
Be7 9. O-O O-O 10. Re1 cxd4 11. cxd4 Re8 12. Nc3 Nf8 13. a3 Bd7 14. Be3 Ng6 15.
Rc1 Rac8 16. Re2 Na5 17. b4 Nc4 18. Bxc4 Rxc4 19. Nd2 Rcc8 20. Nb3 a6 21. Nc5
Bc6 22. Rec2 Nh4 23. f4 Nf5 24. Bf2 g5 25. g4 Nh6 26. Be3 f5 27. exf6 Bd6 28.
fxg5 Nf7 29. Qd3 Nxg5 30. Bxg5 Rc7 31. Bh4 Kh8 32. Qf3 Rf7 33. g5 Bxc5 34. bxc5
Qd8 35. Qh5 Kg8 36. g6 hxg6 37. Qxg6+ Kf8 38. Rg2 1-0

[Event "Hull 4NCL International"]
[Site "Hull"]
[Date "2021.10.24"]
[Round "5.13"]
[White "King, Steve"]
[Black "Jones, Paul W"]
[Result "1/2-1/2"]
[WhiteElo "1465"]
[BlackElo "1690"]
[PlyCount "65"]
[EventDate "2021.10.22"]

1. e4 d5 2. exd5 Qxd5 3. Nc3 Qa5 4. d4 e5 5. dxe5 Bb4 6. Bd2 Nc6 7. Nf3 Bg4 8.
Be2 O-O-O 9. O-O Bxc3 10. bxc3 Bxf3 11. Bxf3 Nxe5 12. Bg4+ Kb8 13. Be2 Nf6 14.
f3 Rhe8 15. Qe1 Nd5 16. Kh1 Qc5 17. Rb1 Nc4 18. Rd1 Nxd2 19. Rxd2 Nxc3 20.
Rxd8+ Rxd8 21. Bd3 h6 22. Qg3 g5 23. f4 f6 24. fxg5 fxg5 25. h4 gxh4 26. Qxh4
Qd6 27. Rf6 Qe5 28. Rf5 Qe8 29. Re5 Qh8 30. Re6 h5 31. Rh6 Qe8 32. Rxh5 a6 33.
Re5 1/2-1/2

[Event "Hull 4NCL International"]
[Site "Hull"]
[Date "2021.10.24"]
[Round "5.14"]
[White "Ashton, Alannah"]
[Black "Buckell, David J"]
[Result "0-1"]
[WhiteElo "1571"]
[BlackElo "1616"]
[PlyCount "54"]
[EventDate "2021.10.22"]

1. e4 c6 2. d4 d5 3. exd5 cxd5 4. c4 Nf6 5. Nc3 e6 6. Nf3 Bb4 7. Bd3 O-O 8. O-O
Bxc3 9. bxc3 dxc4 10. Bxc4 Qc7 11. Bb3 b6 12. Qd3 Ba6 13. Qd1 Bxf1 14. Qxf1
Nbd7 15. Qd3 Rac8 16. c4 Rfd8 17. Qe2 h6 18. Ba3 Qf4 19. Ba4 Qe4 20. Qxe4 Nxe4
21. Be7 Rxc4 22. Bxd8 Rxa4 23. Kf1 Rc4 24. Ke2 Ndf6 25. Ne5 Rxd4 26. Bxf6 Nxf6
27. Rc1 Re4+ 0-1

[Event "Hull 4NCL International"]
[Site "Hull"]
[Date "2021.10.24"]
[Round "5.15"]
[White "Johnstone, J Gerry"]
[Black "Babb, Fergus"]
[Result "1-0"]
[WhiteElo "1613"]
[BlackElo "1465"]
[PlyCount "85"]
[EventDate "2021.10.22"]

1. e4 b6 2. d4 e6 3. Nf3 c5 4. c3 d5 5. Bd3 c4 6. Bc2 Bb7 7. Qe2 Be7 8. O-O h5
9. exd5 Qxd5 10. Re1 g5 11. Qe5 Qxe5 12. Nxe5 Nc6 13. Nd2 Nxe5 14. Rxe5 h4 15.
Nxc4 Bd5 16. Ba4+ Kf8 17. Bb3 f6 18. Re1 f5 19. Ne3 Bb7 20. Bxe6 f4 21. Nf5 Bc8
22. Nxe7 Nxe7 23. Bxc8 Rxc8 24. Re5 Rg8 25. Bd2 Re8 26. Rae1 Kf7 27. Kf1 Nc6
28. Rxe8 Rxe8 29. Rxe8 Kxe8 30. h3 Ke7 31. Ke2 Kf6 32. f3 Ne7 33. c4 Nf5 34.
Kd3 Ng3 35. b4 Ke6 36. d5+ Kd6 37. Bc3 b5 38. Bf6 bxc4+ 39. Kxc4 Nf1 40. Bxg5
Ne3+ 41. Kd4 Nxd5 42. a3 Ne3 43. Bxf4+ 1-0

[Event "Hull 4NCL International"]
[Site "Hull"]
[Date "2021.10.24"]
[Round "5.17"]
[White "Grice, Alec"]
[Black "Meredith, Daniel"]
[Result "1-0"]
[WhiteElo "1668"]
[BlackElo "1368"]
[PlyCount "73"]
[EventDate "2021.10.22"]

1. e4 c5 2. Nf3 d6 3. d4 cxd4 4. Qxd4 Nc6 5. Bb5 Bd7 6. Bxc6 Bxc6 7. O-O Nf6 8.
Nc3 g6 9. Bg5 Bg7 10. Rfe1 O-O 11. Qd2 Qb6 12. a3 Rfc8 13. Nd5 Bxd5 14. exd5
Qxb2 15. Rac1 h5 16. Re3 Qb6 17. Rb3 Qc5 18. c4 Rc7 19. Qe2 Ng4 20. Rcb1 Rb8
21. Bd2 Ne5 22. Nxe5 Bxe5 23. Be3 Qa5 24. f4 Bf6 25. Qf3 b6 26. f5 Qa6 27. fxg6
fxg6 28. Qg3 Kh7 29. Qf4 Bg7 30. Qe4 Rbc8 31. Qe6 Re8 32. Bf2 Qxc4 33. Rg3 Qc2
34. Rf1 Qf5 35. Qe2 Qxd5 36. Rd3 Rc2 37. Qxc2 1-0

[Event "Hull 4NCL International"]
[Site "Hull"]
[Date "2021.10.24"]
[Round "5.21"]
[White "Schofield, Mark"]
[Black "Boozorginia, Zoya"]
[Result "1-0"]
[WhiteElo "1323"]
[BlackElo "1081"]
[PlyCount "135"]
[EventDate "2021.10.22"]

1. e4 e5 2. Nf3 Nf6 3. d3 d5 4. Nc3 d4 5. Ne2 Nc6 6. Ng3 Bg4 7. Be2 Bb4+ 8. Bd2
Qe7 9. O-O g6 10. c3 Bc5 11. cxd4 Nxd4 12. Nxd4 Bxe2 13. Ndxe2 O-O-O 14. Bg5
Qd6 15. Bxf6 Qxf6 16. Rc1 Bb6 17. Nc3 c6 18. Nd5 Qg5 19. Nxb6+ axb6 20. Qb3 b5
21. Rfd1 h5 22. Ne2 h4 23. h3 Rhf8 24. Qxb5 Kb8 25. Rxc6 Rc8 26. Rdc1 Rfd8 27.
Rxc8+ Rxc8 28. Rxc8+ Kxc8 29. Qe8+ Qd8 30. Qxd8+ Kxd8 31. Nc3 Kd7 32. Nd5 g5
33. Kf1 b5 34. Ke2 Kd6 35. Kf3 Kc5 36. Kg4 Kd4 37. Nb4 Kc5 38. a3 Kd6 39. Kxg5
Ke6 40. Kxh4 f5 41. f3 Kf6 42. Kh5 f4 43. Na6 Ke6 44. Nc7+ Kf6 45. Nxb5 Ke6 46.
Nc7+ Kd6 47. Nd5 Kc5 48. b4+ Kb5 49. Kg5 Ka4 50. Nc7 Kxa3 51. b5 Kb4 52. b6 Kc3
53. b7 Kxd3 54. b8=Q Ke3 55. Qb2 Kd3 56. Nd5 Kc4 57. Qb4+ Kd3 58. Qc3+ Ke2 59.
Qc2+ Ke1 60. Nc3 Kf1 61. Qe2+ Kg1 62. Nd1 Kh2 63. Nf2 Kg1 64. Kh4 Kh2 65. Ng4+
Kg1 66. Qe1+ Kxg2 67. Qf2+ Kh1 68. Qh2# 1-0